000 00800nam a2200229 a 4500
001 000027420
003 DO-SdBNP
005 20250204073952.0
008 100330s2000 dr r 000 0 spa d
040 _aDO-SdBNP
_bspa
_cBNPHU
082 _a923.27293
_bD812L, 2000
100 1 _aLebrón Saviñon, Mariano
_d1922-2014
_97227
245 1 0 _aHeroísmo e identidad :
_bDuarte : libertador, romántico y poeta /
_cMariano Lebrón Saviñón.
260 _aSanto Domingo :
_bInstituto Duartiano,
_c2000.
300 _a90 p. ;
_c23 cm.
490 1 _aDuartina
_v6
600 1 0 _aDuarte, Juan Pablo,
_d1813-1876
_xCrítica e interpretación
_91494
650 0 _aLiteratura dominicana.
_967
651 4 _aRepública Dominicana
_xHistoria
_9170
_y1840-1930
830 0 _aDuartina
_n6
_938558
942 _2ddc
_cLBS1
999 _c26912
_d26912